| 000 | 00365nam a2200133 i 4500 | ||
|---|---|---|---|
| 001 | 57231 | ||
| 003 | ES-MaACL | ||
| 007 | t| | ||
| 008 | 031015s1973 be ||||1| fre d | ||
| 245 | 0 | 0 | _aDix années de linguistique théorique et appliquée. |
| 260 |
_aMons : _bUniversité de l'Etat, _c1973. |
||
| 300 |
_a181 p. ; _c24 cm. |
||
| 852 |
_aES-MaACL _jE-7714 _bR.92148 |
||
| 999 |
_c57231 _d57231 |
||